Statistics for Every Cher song that hit the Billboard hot 100

Click here to take the quiz!

General Stats

  • This quiz has been taken 47 times
  • The average score is 8 of 33

Answer Stats

Peak Chart PositionYearSong% Correct
11999Believe
100%
31989If I Could Turn Back Time
79%
331991The Shoop Shoop Song (It's In His Kiss)
64%
571999Strong Enough
56%
11974Dark Lady
56%
11973Half-Breed
54%
81989Just Like Jesse James
41%
201990Heart Of Stone
28%
832002Song For The Lonely
28%
81979Take Me Home
28%
371992Save Up All Your Tears
26%
11971Gypsys, Tramps & Thieves
26%
101988I Found Someone
26%
171991Love And Understanding
23%
21966Bang Bang (My Baby Shot Me Down)
21%
71972The Way Of Love
13%
141988We All Sleep Alone
13%
151965All I Really Want To Do
13%
521996One By One
10%
591979Hell On Wheels
8%
791988Skin Deep
8%
251965Where Do You Go
5%
271974Train Of Thought
5%
321966Alfie
5%
91967You Better Sit Down Kids
5%
931977Pirate
3%
941967Hey Joe
3%
221970Living In A House Divided
3%
491979Wasn't It Good
3%
461972Don't Hide Your Love
3%
421974I Saw A Man And He Danced With His Wife
3%
971966Behind The Door
3%
61989After All (Love Theme From "Chances Are")
0%

Score Distribution

Percentile by Number Answered

Percent of People with Each Score

Your Score History

You have not taken this quiz